Sports Quiz

Random Sports or MLB Quiz

MLB Most 4-Hit Games Quiz Stats

Quiz Updated Oct 6, 2017

Challenge
Share
Tweet
Embed
Score 0/72 Timer 10:00
2 Plays Today
Games Player % Correct
73Pete Rose
94.1%
37Ted Williams
81%
45Derek Jeter
79.2%
67Stan Musial
75.6%
64Ty Cobb
74.5%
61George Brett
72.6%
49Hank Aaron
71.3%
47Roberto Clemente
70%
46Willie Mays
67.3%
43Albert Pujols
66.5%
53Lou Gehrig
63.7%
45Tony Gwynn
62.6%
62Paul Molitor
58.8%
40Carl Yastrzemski
58.7%
42Alex Rodriguez
58.2%
44Ivan Rodriguez
57.7%
53Ichiro Suzuki
57.1%
62Wade Boggs
54.1%
47Kirby Puckett
53.6%
38Todd Helton
49.6%
45Miguel Cabrera
48.6%
41Nellie Fox
46.8%
36Al Kaline
46.1%
58Rod Carew
45.3%
38Gee Walker
42.1%
39Tris Speaker
39.7%
41Lou Brock
37.1%
59Sam Rice
37%
50Rogers Hornsby
36.2%
35Carl Crawford
35.6%
39Eddie Murray
31.5%
35Willie Wilson
30.8%
35Andre Dawson
30%
61Paul Waner
27.5%
44Lloyd Waner
27.4%
35Roberto Alomar
27.3%
Games Player % Correct
36Adrian Beltre
26.7%
41Dante Bichette
21.8%
65George Sisler
20.6%
58Charlie Gehringer
19.9%
43Willie Davis
17%
39Johnny Damon
16.6%
60Al Simmons
16.5%
36Richie Ashburn
15.6%
40Luis Aparicio
14.2%
41Maury Wills
12.8%
36Harold Baines
11.3%
51Joe Medwick
11%
47Bill Terry
10.5%
45Pie Traynor
10.2%
40Chuck Klein
10.2%
55Harry Heilmann
9.9%
42Frankie Frisch
9.8%
45Goose Goslin
8.3%
44Al Oliver
6.7%
36Bill Dickey
6.6%
42Red Schoendienst
6.5%
39Edd Roush
6.5%
39Bill Buckner
5.8%
59Heinie Manush
5.5%
38Curt Flood
5.4%
39Earl Averill
5.1%
39Babe Herman
4.7%
41Billy Herman
4.7%
37Earle Combs
4.4%
37Dick Groat
4%
37Kiki Cuyler
4%
35George Burns
3.3%
35Charlie Jamieson
2.5%
35Alvin Dark
1.9%
36Freddie Lindstrom
1.9%
45Doc Cramer
1.6%

You're not logged in!

Compare scores with friends on all Sporcle quizzes.
Sign Up with Email
OR
Log In

You Might Also Like...

Show Comments

Extras

Top Quizzes Today


Score Distribution

Your Account Isn't Verified!

In order to create a playlist on Sporcle, you need to verify the email address you used during registration. Go to your Sporcle Settings to finish the process.